All Minecraft Biomes - Statistics

General Stats
  • This quiz has been taken 41 times
  • The average score is 27 of 65
Answer Stats
Answer % Correct
Desert
97%
Plains
93%
Forest
90%
Ocean
83%
Taiga
83%
Jungle
79%
Birch Forest
76%
Warm Ocean
76%
Badlands
66%
Cold Ocean
66%
Deep Ocean
66%
Savanna
66%
Swamp
62%
Ice Spikes
59%
Soul Sand Valley
59%
The End
59%
Bamboo Jungle
55%
Beach
55%
Deep Dark
55%
River
55%
Warped Forest
55%
Dark Forest
52%
Basalt Delta
48%
Nether Wastes
48%
Cherry Grove
45%
Crimson Forest
45%
Lukewarm Ocean
45%
Mangrove Swamp
45%
Snowy Taiga
45%
Flower Forest
38%
Lush Caves
38%
Snowy Plains
38%
Grove
34%
Meadow
34%
Old Growth Birch Forest
34%
Eroded Badlands
31%
Pale Garden
31%
Frozen Ocean
28%
Frozen River
28%
Mushroom Fields
28%
Sparse Jungle
28%
Sunflower Plains
28%
Windswept Hills
28%
Windswept Savanna
28%
Wooded Badlands
28%
Deep Cold Ocean
24%
Deep Lukewarm Ocean
24%
Dripstone Caves
24%
Old Growth Pine Taiga
24%
Old Growth Spruce Taiga
24%
Stony Shore
24%
Frozen Peaks
21%
Jagged Peaks
21%
Snowy Slopes
21%
The Void
21%
Snowy Beach
17%
Stony Peaks
17%
End Highlands
14%
Savanna Plateau
14%
Windswept Gravelly Hills
14%
End Barrens
10%
Small End Islands
10%
Windswept Forest
7%
End Midlands
3%
Grassy Hills
3%
No matching quizzes found
Score Distribution
Percent of People with Each Score
Percentile by Number Answered
Your Score History
You have not taken this quiz